Sorprendido por la alegría: el perfil de mis primeros años
Saved in:
| Main Author: | |
|---|---|
| Format: | Book |
| Language: | Spanish |
| Published: |
Santiago
Andrés Bello
1994
|
| Edition: | 2a. ed |
| Series: | Andrés Bello, 191
|
| Subjects: | |
| Tags: |
Add Tag
No Tags, Be the first to tag this record!
|
MARC
| LEADER | 00000nam a2200000 a 4500 | ||
|---|---|---|---|
| 001 | UCN8137 | ||
| 003 | CL-VaPUC | ||
| 008 | 011109e19941200CL |||||||||||||||||spa|d | ||
| 082 | 0 | 4 | |a 248.24 |b LEW |2 21 |
| 100 | |a Lewis, C. S |e author |9 328236 | ||
| 245 | 1 | 0 | |a Sorprendido por la alegría: el perfil de mis primeros años |
| 250 | |a 2a. ed | ||
| 300 | |a 247 p | ||
| 942 | |c BK | ||
| 945 | |d 20011109 00:00:00 |a vberengu | ||
| 260 | |a Santiago |b Andrés Bello |c 1994 | ||
| 650 | 0 | |a Autobiografías |9 265171 | |
| 650 | 7 | |a CONVERSION |2 CL-VaPUC |9 310975 | |
| 650 | 0 | |a Cristianismo |9 257361 | |
| 583 | |a last modification |c 20011109 00:00:00 |k Rodrigo Vera | ||
| 490 | 0 | |a Andrés Bello, 191 | |
| 999 | |c 298172 |d 298170 | ||
| 952 | |0 0 |1 0 |4 0 |6 248_240000000000000_LEW_1994 |7 0 |8 A |9 353547 |a BIBEDU |b BIBEDU |d 2019-11-21 |i 3770893 |o 248.24 LEW 1994 |p 3770893 |r 2019-11-21 |w 2019-11-21 |y BK |k LIT | ||